Temporal and vertical variations in phytoplankton community structure and its relation to some morphometric parameters of four colombian reservoirs (Registro nro. 14806)

Detalles MARC
000 -CABECERA
Campo de control 005200000a22001450004500
090 ## - CLASIFICACIÓN LOCAL
Colección AS
Consecutivo Seriadas
041 0# - IDIOMA
Código de idioma para texto/pista de sonido o título separado
100 1# - ASIENTO PRINCIPAL--NOMBRE PERSONAL
Nombre personal Ramírez R., J. J.
245 10 - MENCION DE TITULO
Título Temporal and vertical variations in phytoplankton community structure and its relation to some morphometric parameters of four colombian reservoirs
700 1# - ASIENTO SECUNDARIO - NOMBRE PERSONAL
Nombre personal Bicudo, C. E. de M.
700 1# - ASIENTO SECUNDARIO - NOMBRE PERSONAL
Nombre personal Roldán Pérez, Gabriel
700 1# - ASIENTO SECUNDARIO - NOMBRE PERSONAL
Nombre personal García L., L. C.
773 1# - Item fuente:
Título Caldasia
Especificación de materiales 45
Descripción física 1
Paginas del Articulo 108-126
Lugar, editorial y fecha de publicación 2000
Información sobre la relación 22
942 ## - ELEMENTOS ADICIONALES (KOHA)
Tipo de ítem Artículo

No hay ítems disponibles.